000 00453pab a2200133 454500
008 180718b xxu||||| |||| 00| 0 eng d
100 _aDrumaux Anne
245 _aManagement contracts and the regulation of public enterprises
362 _a60(1), Mar 1994, p.103-15
650 _a Public Sector -- Belgium
650 _aGovernment Business Enterprises -- Regulation -- Belgium
773 _aInternational Review of Administrative Sciences
909 _a27332
999 _c27332
_d27332